| 000 | 00576nam a2200193Ia 4500 | ||
|---|---|---|---|
| 008 | 151121s9999||||xx |||||||||||||| ||und|| | ||
| 082 | _a741।01 /चैतन्य | ||
| 082 | _bHNW-78401 | ||
| 100 | _aचैतन्य दिपक | ||
| 245 | _aकलास्वाद | ||
| 260 | _b"कलायतन, कोल्हापूर" | ||
| 260 | _c-- | ||
| 300 | _a160 | ||
| 600 | _aचैतन्य दिपक | ||
| 630 | _aकलास्वाद | ||
| 700 | _aचैतन्य दिपक | ||
| 730 | _aकलास्वाद | ||
| 942 | _cBOOK | ||
| 999 |
_c1259806 _d1259803 |
||